| 000 | 00543nam a22001937a 4500 | ||
|---|---|---|---|
| 003 | OSt | ||
| 005 | 20170420143751.0 | ||
| 008 | 170301b xxu||||| |||| 00| 0 eng d | ||
| 020 | _a0521588324 | ||
| 040 | _cDDC. | ||
| 082 | _a539.7CTO 1998. | ||
| 100 |
_aCottingham,W.N; Greenwood, D.A; _911721 |
||
| 245 | _aIntroduction to Stardard Model of Particle Physics | ||
| 260 |
_bCambridge University Press, _c1998. |
||
| 300 |
_axviii,235; _bill: _c26cm. |
||
| 504 | _aincludes index. | ||
| 650 |
_aPhysics particles _9809 |
||
| 942 |
_2ddc _cO_SHELF |
||
| 999 |
_c5610 _d5610 |
||